|
|
|
|
| LEADER |
00000nam0a2200000 4500 |
| 001 |
300624 |
| 005 |
20231102001324.0 |
| 035 |
|
|
|a (RuTPU)RU\TPU\book\325777
|
| 090 |
|
|
|a 300624
|
| 100 |
|
|
|a 20150714d1981 m y0rusy50 ca
|
| 101 |
0 |
|
|a rus
|
| 102 |
|
|
|a RU
|
| 105 |
|
|
|a a j 001zy
|
| 200 |
1 |
|
|a Рассеяние рентгеновых лучей искаженными кристаллами
|e учебное пособие по спецкурсу
|f О. Н. Шиврин
|g Петрозаводский государственный университет (ПетрГУ)
|
| 210 |
|
|
|a Петрозаводск
|c [Б. и.]
|d 1981
|
| 215 |
|
|
|a 116 с.
|c ил.
|
| 320 |
|
|
|a Библиогр.: с. 111
|
| 606 |
1 |
|
|a Рентгеновские лучи
|x Рассеяние в кристаллах
|2 stltpush
|3 (RuTPU)RU\TPU\subj\25078
|9 49315
|
| 610 |
1 |
|
|a рассеяние в кристаллах
|
| 610 |
1 |
|
|a искаженные кристаллы
|
| 610 |
1 |
|
|a диффузное рассеяние
|
| 610 |
1 |
|
|a тепловое рассеяние
|
| 610 |
1 |
|
|a твердые растворы
|
| 610 |
1 |
|
|a учебные пособия
|
| 675 |
|
|
|a 548.0:539(075.8)
|v 4
|
| 700 |
|
1 |
|a Шиврин
|b О. Н.
|g Олег Николаевич
|
| 712 |
0 |
2 |
|a Петрозаводский государственный университет (ПетрГУ)
|2 stltpush
|3 (RuTPU)RU\TPU\col\1601
|
| 801 |
|
1 |
|a RU
|b 63413507
|c 20150714
|
| 801 |
|
2 |
|a RU
|b 63413507
|c 20200908
|g RCR
|
| 942 |
|
|
|c BK
|